00744nam a2200241 a 4500001001300000003000900013005001700022008004100039020001000080082001300090100002500103245007500128260004400203300000900247500003500256505001000291650001700301700002500318902000800343942000700351952012700358999001700485nice12345678IN_TiNIC20260116013758.0050524s1999 lona grp 000 0 eng  ac54500a323bNIR aNirmal, Chiranjivi J aHuman Rights in Indiab Historical, Social and Political Perspectives. aLondan bOxford University Press c1999 a333p aincludes index and biblioraphy2 aIndex aHuman Rights1 aNirmal, Chiranjivi J bSRS cBK 001040708StackRoom-aHMIbHMId2007-04-09g545.00l10o323 NIRp019785r2025-07-09s2025-07-07v545.00w2005-05-24yBK c12450d12450